[Event "POLFINALY MISTRZOSTW POLSKI JUNIOROW 2021 C-13"]
[Site "Jatrzebia Gora"]
[Date "1899-12-30"]
[Round "1.1"]
[White "Wasiluk, Mateusz"]
[Black "Warchol, Kamil"]
[Result "0-1"]
[WhiteTitle "II"]
[BlackTitle "CM"]
[WhiteElo "1263"]
[BlackElo "1976"]

1. e4 c5 2. Nf3 e6 3. g3 d6 4. Bg2 Nf6 5. Nc3 Be7 6. O-O O-O 7. d4 cxd4 8. Nxd4
a6 9. b3 Qc7 10. Bb2 Nc6 11. Nce2 e5 12. Nxc6 bxc6 13. c4 Be6 14. Nc3 Rad8 15.
Qe2 Qc8 16. Rfd1 Bh3 17. Rd2 Bxg2 18. Kxg2 Nd7 19. h4 Nc5 20. Rad1 Qb8 21. Ba3
Ne6 22. Rd3 Nd4 23. Qd2 Qb7 24. Ne2 c5 25. Nc3 f5 26. Re1 Rde8 27. Nd5 Bd8 28.
Bb2 Qf7 29. exf5 e4 30. Rxd4 cxd4 31. Qxd4 Re5 32. Rxe4 Rxf5 33. f4 h5 34. Re6
Bf6 35. Nxf6+ Rxf6 36. Rxf6 Qxf6 37. Qd5+ Qf7 38. Qg5 Re8 39. Kf2 Qe7 40. Qd5+
Qe6 41. Qxh5 Qe1+ 42. Kg2 Qe2+ 0-1

[Event "POLFINALY MISTRZOSTW POLSKI JUNIOROW 2021 C-13"]
[Site "Jatrzebia Gora"]
[Date "1899-12-30"]
[Round "1.2"]
[White "Spionkowski, Fabian"]
[Black "Osinski, Maksymilian"]
[Result "1/2-1/2"]
[WhiteTitle "I+"]
[BlackTitle "II"]
[WhiteElo "1687"]
[BlackElo "1238"]

1. e4 c5 2. Nf3 d6 3. d4 cxd4 4. Nxd4 Nf6 5. Nc3 g6 6. Bc4 Bg7 7. O-O a6 8. Bb3
Nc6 9. f3 O-O 10. Be3 Bd7 11. Qd2 Rc8 12. Rad1 Qc7 13. Rfe1 Rfd8 14. Nxc6 Bxc6
15. Bh6 e6 16. Bxg7 Kxg7 17. Qg5 Qb6+ 18. Kh1 h6 19. Qg3 Nh5 20. Qh4 e5 21. Rd2
Nf4 22. Red1 Qe3 23. Rxd6 Rxd6 24. Rxd6 1/2-1/2

[Event "POLFINALY MISTRZOSTW POLSKI JUNIOROW 2021 C-13"]
[Site "Jatrzebia Gora"]
[Date "1899-12-30"]
[Round "1.3"]
[White "Trusewicz, Jakub"]
[Black "Dobosiewicz, Dawid"]
[Result "0-1"]
[WhiteTitle "II"]
[BlackTitle "I"]
[WhiteElo "1222"]
[BlackElo "1678"]

1. e4 c5 2. c3 Nf6 3. e5 Nd5 4. d4 cxd4 5. Nf3 e6 6. cxd4 d6 7. Bc4 Nb6 8. Bd3
Nc6 9. O-O Nb4 10. Bb5+ Bd7 11. Nc3 Bxb5 12. Nxb5 Qd7 13. Qe2 a6 14. Nc3 d5 15.
a3 Nc6 16. Be3 Na5 17. Nd2 Be7 18. Qg4 g6 19. Bh6 Nbc4 20. Rab1 Nxd2 21. Bxd2
h5 22. Qh3 Nc4 23. Bc1 Kf8 24. f4 Qc7 25. g4 Qb6 26. Rd1 Kg7 27. f5 Nxe5 28. gxh5
Rxh5 29. Qg3 Rxf5 30. Kh1 Nd7 31. Qe3 Rh8 0-1

[Event "POLFINALY MISTRZOSTW POLSKI JUNIOROW 2021 C-13"]
[Site "Jatrzebia Gora"]
[Date "1899-12-30"]
[Round "1.4"]
[White "Jasiulewicz, Dawid"]
[Black "Spytek, Hubert"]
[Result "1-0"]
[WhiteTitle "I"]
[BlackTitle "II"]
[WhiteElo "1654"]
[BlackElo "1220"]

1. d4 Nf6 2. Nf3 g6 3. c4 Bg7 4. Nc3 d5 5. cxd5 Nxd5 6. Bd2 Nxc3 7. Bxc3 c5 8.
Rc1 cxd4 9. Nxd4 a6 10. e3 e5 11. Nb3 Qxd1+ 12. Rxd1 Nc6 13. Bc4 O-O 14. O-O Re8
15. Na5 Nxa5 16. Bxa5 Be6 17. Bxe6 Rxe6 18. Rd7 b6 19. Bc3 Rc8 20. e4 Bf8 21.
Rfd1 f6 22. Rb7 Rcc6 23. g3 Red6 24. Rd5 Rxd5 25. exd5 Rc5 26. Rxb6 Rxd5 27. Rxa6
Kg7 28. Ra7+ Kg8 29. a4 Bc5 30. Rb7 Rd1+ 31. Kg2 Bd4 32. Bxd4 exd4 33. Kf3 d3
34. b3 Rh1 35. Rd7 Rxh2 36. Rxd3 Rh5 37. b4 Re5 38. b5 Rc5 39. b6 1-0

[Event "POLFINALY MISTRZOSTW POLSKI JUNIOROW 2021 C-13"]
[Site "Jatrzebia Gora"]
[Date "1899-12-30"]
[Round "1.7"]
[White "Kozik, Maksymilian"]
[Black "Kowalski, Witold"]
[Result "0-1"]
[WhiteTitle "II"]
[BlackTitle "II+"]
[WhiteElo "1201"]
[BlackElo "1480"]

1. e4 c5 2. Nf3 e6 3. d4 cxd4 4. Nxd4 Nc6 5. Nc3 Nf6 6. Bg5 Be7 7. Nxc6 bxc6 8.
e5 Nd5 9. Bd2 O-O 10. Nxd5 cxd5 11. Bd3 d6 12. Bc3 dxe5 13. Bxe5 Bf6 14. Bxf6
Qxf6 15. c3 Rb8 16. Rb1 h6 17. O-O Bd7 18. Re1 Rfe8 19. Re3 e5 20. Rf3 Qe7 21.
Bf5 Bc6 22. Re3 Rbd8 23. Qh5 Qf6 24. Rf3 Qd6 25. Rg3 e4 26. Qg4 Qf6 27. f4 Bb5
28. Qh5 e3 29. Re1 e2 30. Bd3 Qb6+ 31. Kh1 Qf2 32. Rxg7+ Kxg7 33. Qg4+ Kf8 34.
Qg3 Qxg3 35. hxg3 Bxd3 36. Ra1 0-1

[Event "POLFINALY MISTRZOSTW POLSKI JUNIOROW 2021 C-13"]
[Site "Jatrzebia Gora"]
[Date "1899-12-30"]
[Round "1.8"]
[White "Blaszkiewicz, Jakub"]
[Black "Gawlik, Olivier"]
[Result "1-0"]
[WhiteTitle "II"]
[BlackTitle "II"]
[WhiteElo "1462"]
[BlackElo "1183"]

1. e4 c5 2. Nf3 a6 3. d4 cxd4 4. Nxd4 Nf6 5. Bd3 e5 6. Nb3 d5 7. exd5 Nxd5 8. O-O
Nc6 9. a3 Nf6 10. Qe2 Bd6 11. Bg5 h6 12. Bh4 Qe7 13. Nc3 g5 14. Bg3 h5 15. f3
h4 16. Bf2 Be6 17. Nd2 Nh5 18. Nde4 f5 19. Nxd6+ Qxd6 20. Rad1 Qc7 21. Rfe1 Nf4
22. Qe3 h3 23. Bf1 hxg2 24. Bxg2 Qh7 25. h4 gxh4 26. Kh2 Qg6 27. Rg1 h3 28. Bh1
Qg2+ 29. Bxg2 hxg2+ 30. Bh4 Rxh4+ 31. Kg3 Rh3+ 32. Kf2 Rd8 33. Rxd8+ Kxd8 34.
Rd1+ Ke7 35. Ne2 Rh1 36. Ng1 Kf6 37. b3 Rh2 38. Re1 Nd5 39. Qc5 f4 40. c4 Ne3
41. Rxe3 fxe3+ 42. Qxe3 Nd4 43. f4 Nc6 44. fxe5+ Ke7 45. Qg5+ Kd7 46. Nf3 Rh1
47. Kxg2 Ra1 48. Qd2+ Ke7 49. Qd6+ Kf7 50. Ng5+ Kg6 51. Nxe6 Ra2+ 52. Kg3 1-0

[Event "POLFINALY MISTRZOSTW POLSKI JUNIOROW 2021 C-13"]
[Site "Jatrzebia Gora"]
[Date "1899-12-30"]
[Round "1.10"]
[White "Nagly, Wojciech"]
[Black "Przedlacki, Wiktor"]
[Result "0-1"]
[WhiteTitle "II"]
[BlackTitle "III"]
[WhiteElo "1432"]
[BlackElo "1176"]

1. e4 c5 2. Nf3 d6 3. c3 Nf6 4. h3 Nc6 5. Bd3 g6 6. Bc2 Bg7 7. d4 cxd4 8. cxd4
O-O 9. O-O Nd5 10. Nc3 Ndb4 11. d5 Nxc2 12. Qxc2 Nb4 13. Qb3 Na6 14. Rd1 b6 15.
Be3 Bb7 16. Nb5 Nc7 17. Nxc7 Qxc7 18. Rac1 Qd7 19. Bf4 Rac8 20. Rxc8 Rxc8 21.
Be5 Rc5 22. Bxg7 Kxg7 23. Ne5 Qf5 24. Ng4 Bxd5 25. Qe3 Qxe4 26. Qh6+ Kg8 27. f3
Qe2 28. Rd2 Qe1+ 29. Kh2 f5 30. Nf2 Qe5+ 31. f4 Qe3 0-1

[Event "POLFINALY MISTRZOSTW POLSKI JUNIOROW 2021 C-13"]
[Site "Jatrzebia Gora"]
[Date "1899-12-30"]
[Round "1.11"]
[White "Wieckowski, Igor"]
[Black "Nocek, Dominik"]
[Result "1/2-1/2"]
[WhiteTitle "II"]
[BlackTitle "II"]
[WhiteElo "1140"]
[BlackElo "1428"]

1. c4 e5 2. Nc3 Nf6 3. g3 d5 4. cxd5 Nxd5 5. Bg2 Be6 6. e3 Nc6 7. Nge2 Ndb4 8.
O-O Nd3 9. a3 Qd7 10. b4 a6 11. Qa4 Nd8 12. Qxd7+ Kxd7 13. Be4 Bc4 14. Bxd3 Bxd3
15. Bb2 c5 16. bxc5 Bxc5 17. Rfe1 Ne6 18. Na4 f6 19. Nc1 Bb5 20. Nxc5+ Nxc5 21.
d4 exd4 22. Bxd4 Ne6 23. Nb3 Bc4 24. Nc5+ Nxc5 25. Bxc5 Kc6 26. Bd4 b5 27. Rac1
Rad8 28. Red1 Rd7 29. Rd2 Rhd8 30. Rdc2 Rd5 31. h4 h5 32. Kg2 Kb7 33. Kg1 Rc8
34. Kg2 Rd7 35. Kf3 Rdc7 36. Kf4 Rc6 37. Rc3 g6 38. R3c2 a5 39. Rb2 Rg8 40. Rxc4
Rxc4 41. Rxb5+ Kc7 42. Rxa5 Rc2 43. Rc5+ Rxc5 44. Bxc5 Kd7 45. f3 Ke6 46. g4 g5+
47. Kg3 gxh4+ 48. Kxh4 hxg4 49. fxg4 Rg5 50. Bd4 Ra5 51. Bb2 Rb5 52. Bd4 Rb3 53.
g5 fxg5+ 54. Kxg5 Rxa3 55. Kf4 Kd5 56. Kf3 Ra8 57. Ke2 Ke4 58. Kd2 Ra3 59. Kc2
Rd3 60. Kb2 Kd5 61. Kc2 Kc4 62. Ba7 Ra3 63. Bd4 Ra2+ 64. Kd1 Kd3 65. Ke1 Re2+
66. Kf1 Rd2 67. Ke1 Re2+ 68. Kf1 Rc2 69. Ke1 Rd2 70. Kf1 Re2 71. Ba7 Ra2 72. Bd4
Ke4 73. Ke1 Kf3 74. Kd1 Re2 75. Ba7 Rg2 76. Bd4 Ke4 77. Ke1 Kd3 78. Kf1 Re2 79.
Ba7 Ra2 80. Bd4 Rc2 81. Ke1 Rc1+ 82. Kf2 Rc8 83. Ke1 Rf8 84. Ba7 Rh8 85. Bd4 Rh1+
86. Kf2 Ke4 87. Ke2 Rh2+ 88. Kd1 Kd3 89. Ke1 Rh1+ 90. Kf2 Rc1 91. Ba7 Rc2+ 92.
Ke1 1/2-1/2

[Event "POLFINALY MISTRZOSTW POLSKI JUNIOROW 2021 C-13"]
[Site "Jatrzebia Gora"]
[Date "1899-12-30"]
[Round "1.12"]
[White "Uhryn, Mateusz"]
[Black "Filipczyk, Michal"]
[Result "1-0"]
[WhiteTitle "I"]
[BlackTitle "II"]
[WhiteElo "1393"]
[BlackElo "1136"]

1. c4 e5 2. Nc3 Nf6 3. Nf3 Nc6 4. e4 Bc5 5. Nxe5 Nxe5 6. d4 Bb4 7. dxe5 Nxe4 8.
Qf3 Nxc3 9. bxc3 Bc5 10. Qg3 g6 11. Bg5 Be7 12. Bh6 d6 13. Rd1 Bd7 14. Be2 Ba4
15. Rd2 Bh4 16. Qe3 Be7 17. Bf3 Bc6 18. Bxc6+ bxc6 19. exd6 cxd6 20. O-O Kd7 21.
c5 Re8 22. Qh3+ f5 23. cxd6 Bf6 24. Be3 h5 25. Bc5 Qa5 26. Bb4 Qe5 27. c4 Qe4
28. Qa3 Qxc4 29. Rdd1 Re4 30. Bc5 Qa4 31. Qg3 Rae8 32. Qxg6 Qxd1 33. Qf7+ Be7
34. Rxd1 1-0

[Event "POLFINALY MISTRZOSTW POLSKI JUNIOROW 2021 C-13"]
[Site "Jatrzebia Gora"]
[Date "1899-12-30"]
[Round "1.13"]
[White "Renn, Grzegorz"]
[Black "Leszczewicz, Karol"]
[Result "1/2-1/2"]
[WhiteTitle "II"]
[BlackTitle "II+"]
[WhiteElo "1125"]
[BlackElo "1393"]

1. e4 c5 2. Nf3 a6 3. c3 e6 4. d4 d5 5. exd5 exd5 6. Bd3 c4 7. Bc2 Nf6 8. O-O Be7
9. Re1 O-O 10. b3 cxb3 11. axb3 Qc7 12. Qd3 h6 13. Bxh6 gxh6 14. Qe3 Ne4 15. Qxh6
Bf5 16. Nbd2 Qd6 17. Qe3 Re8 18. Nxe4 dxe4 19. Ne5 Bf6 20. Qg3+ Bg7 21. Bxe4 Bxe4
22. Rxe4 Nc6 23. Rg4 Qf6 24. Rf4 Qh6 25. Rh4 Qe6 26. Rg4 Qh6 27. Rh4 Qe6 28. Rg4
Qh6 29. Rh4 1/2-1/2

[Event "POLFINALY MISTRZOSTW POLSKI JUNIOROW 2021 C-13"]
[Site "Jatrzebia Gora"]
[Date "1899-12-30"]
[Round "1.14"]
[White "Maciaga, Jan"]
[Black "Sambor, Piotr"]
[Result "1-0"]
[WhiteTitle "II"]
[BlackTitle "II"]
[WhiteElo "1375"]
[BlackElo "1107"]

1. c4 c5 2. Nc3 Nc6 3. g3 Nf6 4. Bg2 e5 5. Nf3 Be7 6. O-O O-O 7. d3 d6 8. a3 h6
9. Rb1 a5 10. b3 Be6 11. Nd2 d5 12. cxd5 Nxd5 13. Bb2 f5 14. Nc4 Bf6 15. Bxd5
Bxd5 16. Nxd5 b5 17. Nce3 Nd4 18. Nxf6+ Rxf6 19. Bxd4 cxd4 20. Ng2 f4 21. Rc1
Qd6 22. b4 axb4 23. Qb3+ Kh7 24. axb4 Re8 25. Rc5 fxg3 26. hxg3 Qd7 27. Qd5 Qh3
28. Qe4+ g6 29. Rc7+ Kh8 30. Qb7 Kg8 31. Rg7+ Kf8 32. Rh7 Rxf2 33. Qg7# 1-0

[Event "POLFINALY MISTRZOSTW POLSKI JUNIOROW 2021 C-13"]
[Site "Jatrzebia Gora"]
[Date "1899-12-30"]
[Round "1.15"]
[White "Pachura, Mateusz"]
[Black "Wandor, Adam"]
[Result "0-1"]
[WhiteTitle "III"]
[BlackTitle "II"]
[WhiteElo "1107"]
[BlackElo "1373"]

1. e4 c5 2. Nf3 g6 3. d4 cxd4 4. Nxd4 Bg7 5. Be3 Nc6 6. Nc3 d6 7. Bc4 Nf6 8. f3
O-O 9. Qd2 Bd7 10. Nxc6 bxc6 11. Bh6 Bxh6 12. Qxh6 e6 13. Bb3 d5 14. e5 Nh5 15.
g4 Ng7 16. g5 Nf5 17. Qh3 Qxg5 18. Nd1 Ne3 19. Nf2 Qxe5 20. Nd3 Qf6 21. Ke2 Nf5
22. c3 e5 23. Kf2 Nh4 24. Qg3 e4 25. Ne5 Be8 26. Raf1 Nxf3 27. Ng4 Qg5 28. Rd1
f5 29. h4 Qxg4 30. Qd6 Nxh4 31. Bxd5+ cxd5 32. Qxd5+ Bf7 33. Qd4 Qf3+ 34. Ke1
Qxh1+ 35. Ke2 Qf3+ 36. Ke1 Ng2+ 37. Kd2 Rfd8 0-1

[Event "POLFINALY MISTRZOSTW POLSKI JUNIOROW 2021 C-13"]
[Site "Jatrzebia Gora"]
[Date "1899-12-30"]
[Round "1.16"]
[White "Stanik, Szymon"]
[Black "Kempinski, Szymon"]
[Result "1/2-1/2"]
[WhiteTitle "II"]
[BlackTitle "II"]
[WhiteElo "1372"]
[BlackElo "1103"]

1. e4 c5 2. Nf3 d6 3. Bb5+ Bd7 4. Bxd7+ Qxd7 5. O-O Nc6 6. c3 Nf6 7. Qe2 g6 8.
d4 cxd4 9. cxd4 Bg7 10. Rd1 d5 11. e5 Ne4 12. Nc3 Nxc3 13. bxc3 Rc8 14. Bf4 O-O
15. Rac1 Na5 16. h3 Nc4 17. Qc2 f6 18. Re1 a5 19. exf6 exf6 20. Nd2 Rfe8 21. Nxc4
Rxc4 22. Qb2 b5 23. a3 Bf8 24. Bd2 Kf7 25. Rxe8 Qxe8 26. Re1 Qc6 27. Rb1 Ke6 28.
Qxb5 Qxb5 29. Rxb5 Ra4 30. Rb6+ Kf7 31. Rb7+ Ke6 32. Rb6+ Kf7 1/2-1/2

[Event "POLFINALY MISTRZOSTW POLSKI JUNIOROW 2021 C-13"]
[Site "Jatrzebia Gora"]
[Date "1899-12-30"]
[Round "1.17"]
[White "Kolendo, Tymon"]
[Black "Nowakowski, Maksymilian"]
[Result "1/2-1/2"]
[WhiteTitle "III"]
[BlackTitle "II"]
[WhiteElo "1086"]
[BlackElo "1368"]

1. d4 Nf6 2. c4 e6 3. Nc3 Bb4 4. Bd2 b6 5. e3 Bb7 6. Nge2 O-O 7. a3 Be7 8. b4 d6
9. Ng3 c5 10. dxc5 dxc5 11. b5 Qc7 12. Qc2 Rd8 13. Rd1 Nbd7 14. f3 Bd6 15. Kf2
Nf8 16. Bd3 Rd7 17. Bc1 Rad8 18. Rd2 Ng6 19. Rhd1 Bxg3+ 20. hxg3 Ne5 21. Be2 Kf8
22. Bb2 Rxd2 23. Rxd2 Rxd2 24. Qxd2 Ned7 25. Bd3 Qd6 26. Qc2 Ne5 27. Be2 Ke7 28.
Nd1 Ng6 29. Bd3 Nh5 30. f4 Nf6 31. Bxf6+ Kxf6 32. Nc3 Nf8 33. Be4 Qd7 34. Bxb7
Qxb7 35. Qe4 Qxe4 36. Nxe4+ Ke7 37. Kf3 h5 38. Nf2 f5 39. e4 fxe4+ 40. Nxe4 Nh7
41. g4 hxg4+ 42. Kxg4 Nf6+ 43. Nxf6 gxf6 1/2-1/2

[Event "POLFINALY MISTRZOSTW POLSKI JUNIOROW 2021 C-13"]
[Site "Jatrzebia Gora"]
[Date "1899-12-30"]
[Round "1.18"]
[White "Jaszczuk, Piotr"]
[Black "Saletra, Wiktor"]
[Result "1-0"]
[WhiteTitle "II"]
[BlackTitle "II"]
[WhiteElo "1344"]
[BlackElo "1082"]

1. e4 e6 2. d3 d5 3. Nd2 c5 4. Ngf3 Nc6 5. g3 Nf6 6. Bg2 Be7 7. O-O a6 8. Re1 O-O
9. h4 b5 10. e5 Nd7 11. Nf1 Qc7 12. Bf4 c4 13. N1h2 Qd8 14. Ng4 Nb6 15. Ng5 h6
16. Nh3 Bb7 17. Nxh6+ gxh6 18. Qg4+ Kh7 19. Qh5 1-0

[Event "POLFINALY MISTRZOSTW POLSKI JUNIOROW 2021 C-13"]
[Site "Jatrzebia Gora"]
[Date "1899-12-30"]
[Round "1.19"]
[White "Krasniewski, Grzegorz"]
[Black "Zmuda, Tomasz"]
[Result "0-1"]
[WhiteTitle "III"]
[BlackTitle "II"]
[WhiteElo "1075"]
[BlackElo "1343"]

1. e4 c5 2. Nf3 a6 3. d4 cxd4 4. Nxd4 Nf6 5. Nc3 e5 6. Nb3 Bb4 7. Bd3 O-O 8. Bd2
d6 9. O-O Be6 10. Qf3 Nbd7 11. Nd5 Bxd2 12. Nxd2 Bxd5 13. exd5 Nc5 14. Ne4 Nfxe4
15. Bxe4 f5 16. Bxf5 g6 17. Be6+ Nxe6 18. Qg4 Nf4 19. c4 h5 20. Qf3 b5 21. b3
bxc4 22. bxc4 Rc8 23. Rac1 Qa5 24. Rc2 Qc5 25. Rfc1 Qd4 26. Rd1 e4 27. Rxd4 exf3
28. gxf3 g5 29. Kf1 Ng6 30. Rc3 Ne5 31. Ke2 Rc5 32. h3 Ng6 33. Ra3 Nf4+ 34. Ke3
Re8+ 35. Kd2 a5 36. h4 Re2+ 37. Kd1 Rxf2 38. hxg5 Ng6 39. Ke1 Rg2 40. f4 Nh4 41.
Kf1 Rc2 42. Re4 R5xc4 43. Rxc4 Rxc4 44. Rxa5 Rxf4+ 45. Ke2 Rf5 46. a4 Rxg5 47.
Ra8+ Kg7 48. a5 Rxd5 49. Ra7+ Kg6 50. a6 Ra5 51. Ra8 Nf5 52. a7 Kg7 0-1

[Event "POLFINALY MISTRZOSTW POLSKI JUNIOROW 2021 C-13"]
[Site "Jatrzebia Gora"]
[Date "1899-12-30"]
[Round "1.20"]
[White "Nowak, Maciej"]
[Black "Mejer, Blazej"]
[Result "1-0"]
[WhiteTitle "II"]
[BlackTitle "III"]
[WhiteElo "1338"]
[BlackElo "1024"]

1. d4 e6 2. c4 d5 3. Nc3 c5 4. e3 Nf6 5. Nf3 Nc6 6. Be2 Ne4 7. Qc2 Nxc3 8. bxc3
Be7 9. O-O O-O 10. Rb1 b6 11. Ba3 cxd4 12. Bxe7 Nxe7 13. cxd4 h6 14. Rfc1 Ba6
15. Qa4 Bxc4 16. Bxc4 dxc4 17. Rxc4 Qd6 18. Rbc1 Rfc8 19. Rxc8+ Rxc8 20. Rxc8+
Nxc8 21. Qe8+ Qf8 22. Qd7 Kh7 23. Ne5 Qb4 24. h3 Qe1+ 25. Kh2 Qxf2 26. Qxc8 Qxe3
27. Qc2+ f5 28. Qd3 Qxd3 29. Nxd3 Kg6 30. Kg3 Kf6 31. Ne5 g5 32. Nc6 a5 33. a4
h5 34. h4 f4+ 35. Kf3 Kf5 36. hxg5 Kxg5 37. Ne5 Kf5 38. Nd7 Kg5 39. Nxb6 Kf5 40.
Nc4 h4 41. Nxa5 e5 42. dxe5 Kxe5 43. Nc4+ Kd5 44. Nb2 Kc6 45. Kxf4 1-0

[Event "POLFINALY MISTRZOSTW POLSKI JUNIOROW 2021 C-13"]
[Site "Jatrzebia Gora"]
[Date "1899-12-30"]
[Round "1.21"]
[White "Weber, Dorian"]
[Black "Nagly, Krzysztof"]
[Result "0-1"]
[WhiteTitle "III"]
[BlackTitle "II"]
[WhiteElo "1002"]
[BlackElo "1328"]

1. e4 e5 2. Nf3 Nc6 3. Bb5 a6 4. Ba4 Nf6 5. d3 d6 6. h3 b5 7. Bb3 Na5 8. c3 Nxb3
9. Qxb3 Be6 10. Qd1 c5 11. O-O Be7 12. Nbd2 Qb6 13. Re1 O-O 14. Nf1 Rad8 15. Ng3
h6 16. d4 Qc7 17. dxe5 dxe5 18. Qc2 Bc4 19. Be3 Bd3 20. Qc1 Kh7 21. Nd2 c4 22.
Nf5 Ng8 23. Nf3 Bxe4 24. Nxe7 Nxe7 25. Bb6 Qxb6 26. Rxe4 f6 27. Qc2 Kg8 28. Rd1
Rxd1+ 29. Qxd1 Rd8 30. Qc2 Qd6 31. Re3 Qd1+ 32. Qxd1 Rxd1+ 33. Re1 Rxe1+ 34. Nxe1
Nd5 35. g3 Kf7 36. Nc2 Ke6 37. Ne3 Nxe3 38. fxe3 Kd5 39. Kf2 Ke4 40. Ke2 f5 41.
h4 h5 42. b3 a5 43. bxc4 bxc4 44. a4 g6 45. Kf2 Kd3 46. Kf3 Kxc3 47. e4 Kd3 48.
exf5 gxf5 0-1

[Event "POLFINALY MISTRZOSTW POLSKI JUNIOROW 2021 C-13"]
[Site "Jatrzebia Gora"]
[Date "1899-12-30"]
[Round "2.1"]
[White "Warchol, Kamil"]
[Black "Uhryn, Mateusz"]
[Result "1-0"]
[WhiteTitle "CM"]
[BlackTitle "I"]
[WhiteElo "1976"]
[BlackElo "1393"]

1. e4 c5 2. Nf3 Nc6 3. Bb5 Nf6 4. Bxc6 dxc6 5. d3 g6 6. h3 Bg7 7. Nc3 O-O 8. Be3
b6 9. Qd2 Ne8 10. Bh6 Nc7 11. h4 f6 12. O-O-O Ne6 13. g4 Nd4 14. Nh2 e5 15. Bxg7
Kxg7 16. f4 exf4 17. Qxf4 b5 18. Kb1 a5 19. e5 f5 20. gxf5 Bxf5 21. Ng4 Bxg4 22.
Qxg4 Qe7 23. h5 a4 24. Ne4 Nf5 25. hxg6 hxg6 26. Rdg1 Qe8 27. Nf6 Rxf6 28. exf6+
Kxf6 29. Qg5+ Kg7 30. Qxf5 Ra7 31. Qf4 1-0

[Event "POLFINALY MISTRZOSTW POLSKI JUNIOROW 2021 C-13"]
[Site "Jatrzebia Gora"]
[Date "1899-12-30"]
[Round "2.2"]
[White "Dobosiewicz, Dawid"]
[Black "Maciaga, Jan"]
[Result "1/2-1/2"]
[WhiteTitle "I"]
[BlackTitle "II"]
[WhiteElo "1678"]
[BlackElo "1375"]

1. e4 c5 2. Nc3 Nc6 3. f4 g6 4. Nf3 Bg7 5. Bb5 Nd4 6. O-O Nxb5 7. Nxb5 a6 8. Nc3
b6 9. d3 e6 10. f5 Ne7 11. Qe1 d5 12. fxe6 Bxe6 13. Ng5 d4 14. Nxe6 fxe6 15. Ne2
e5 16. Qh4 Qc7 17. b3 Nc6 18. Qh3 Qd6 19. a3 Ra7 20. Qc8+ Nd8 21. Bg5 Qd7 22.
Qxd8+ Qxd8 23. Bxd8 Kxd8 24. Rf3 Rf8 25. Raf1 Rxf3 26. gxf3 Rf7 27. f4 Ke7 28.
Kg2 Ke6 29. Rf3 Bh6 30. fxe5 Rxf3 31. Kxf3 Kxe5 32. Kg4 Be3 33. Kf3 Bh6 34. h3
Be3 35. c3 Bh6 36. c4 Be3 37. a4 a5 38. Kg3 Bg5 39. Ng1 Be3 40. Nf3+ Kf6 41. Ne1
h5 42. Nc2 Bc1 43. Ne1 Bd2 44. Nf3 Be3 45. Nh4 Bd2 46. e5+ Kf7 47. e6+ Kxe6 48.
Nxg6 Kf6 49. Nf8 Ke7 50. Ng6+ Kf6 51. Nf8 Ke7 52. Nh7 Kf7 53. h4 1/2-1/2

[Event "POLFINALY MISTRZOSTW POLSKI JUNIOROW 2021 C-13"]
[Site "Jatrzebia Gora"]
[Date "1899-12-30"]
[Round "2.3"]
[White "Wandor, Adam"]
[Black "Jasiulewicz, Dawid"]
[Result "0-1"]
[WhiteTitle "II"]
[BlackTitle "I"]
[WhiteElo "1373"]
[BlackElo "1654"]

1. e4 c5 2. Nf3 d6 3. d4 cxd4 4. Nxd4 Nf6 5. Nc3 a6 6. Be2 e5 7. Nb3 Be7 8. O-O
Be6 9. Be3 Qc7 10. Rc1 Nbd7 11. Nd5 Bxd5 12. exd5 O-O 13. c4 Rfc8 14. Bg4 Qd8
15. Bxd7 Nxd7 16. Qd3 Bg5 17. Bxg5 Qxg5 18. Qe3 Qxe3 19. fxe3 Nf6 20. Nd2 Rc7
21. e4 Rac8 22. b3 b5 23. g3 Nd7 24. Rc3 Nb6 25. Rfc1 h5 26. Kf1 g6 27. Ke2 a5
28. Kd3 b4 29. R3c2 f5 30. Rf1 Rf7 31. Nf3 Nd7 32. exf5 Rxf5 33. Rcf2 e4+ 34.
Kxe4 Nc5+ 35. Kd4 Rcf8 36. h3 g5 37. g4 hxg4 38. hxg4 Rf4+ 39. Ke3 Re8+ 40. Kd2
Ne4+ 41. Ke3 Ng3+ 42. Kd3 Nxf1 43. Rxf1 Ref8 44. Ke3 Rxg4 45. Kf2 Re4 46. Kg3
g4 47. Nd2 Re2 48. Rxf8+ Kxf8 49. Nf1 Rxa2 50. Kxg4 a4 51. bxa4 b3 52. Kf3 Rc2
53. a5 b2 54. Nd2 Rxd2 55. a6 b1=Q 56. a7 Qf1+ 57. Ke3 Rd3+ 58. Ke4 Qf3# 0-1

[Event "POLFINALY MISTRZOSTW POLSKI JUNIOROW 2021 C-13"]
[Site "Jatrzebia Gora"]
[Date "1899-12-30"]
[Round "2.4"]
[White "Bartnik, Michal"]
[Black "Jaszczuk, Piotr"]
[Result "1-0"]
[WhiteTitle "II+"]
[BlackTitle "II"]
[WhiteElo "1595"]
[BlackElo "1344"]

1. e4 c5 2. Nf3 e6 3. d4 cxd4 4. Nxd4 a6 5. c4 Qc7 6. Nc3 b6 7. Be2 Bb7 8. O-O
Nf6 9. f3 Nc6 10. Be3 Bc5 11. a3 Nh5 12. Kh1 Nf6 13. b4 Bxd4 14. Bxd4 h5 15. Be3
Ne5 16. Na4 b5 17. cxb5 axb5 18. Bxb5 Ng6 19. Bc5 Qe5 20. Nb6 Rd8 21. Nc4 Qb8
22. Nd6+ Kf8 23. Nxb7+ Kg8 24. Nxd8 Qxd8 25. a4 h4 26. a5 Nh5 27. Qxd7 Ng3+ 28.
Kg1 Qxd7 29. Bxd7 Ne2+ 30. Kf2 Nef4 31. a6 Kh7 32. a7 Ne5 33. a8=Q Rxa8 34. Rxa8
Nxd7 35. g3 hxg3+ 36. hxg3 Nd3+ 37. Ke3 N3xc5 38. bxc5 Nxc5 39. f4 Kg6 40. g4
Nd7 41. f5+ exf5 42. gxf5+ Kf6 43. Rd1 Ne5 44. Rd6+ Kg5 45. Rd5 Ng4+ 46. Kd4 f6
47. Ra1 Ne5 48. Rxe5 1-0

[Event "POLFINALY MISTRZOSTW POLSKI JUNIOROW 2021 C-13"]
[Site "Jatrzebia Gora"]
[Date "1899-12-30"]
[Round "2.5"]
[White "Zmuda, Tomasz"]
[Black "Sawicki, Dorian"]
[Result "0-1"]
[WhiteTitle "II"]
[BlackTitle "I"]
[WhiteElo "1343"]
[BlackElo "1550"]

1. e4 c5 2. Nf3 e6 3. d4 cxd4 4. Nxd4 a6 5. Nc3 Qc7 6. Be3 Nf6 7. f3 Nc6 8. Qd2
Bb4 9. a3 Ba5 10. O-O-O b5 11. Nxc6 Qxc6 12. b4 Bc7 13. g4 Bb7 14. Bg2 Rc8 15.
g5 Nh5 16. Kb2 a5 17. f4 axb4 18. axb4 Nxf4 19. Bf3 Be5 20. Bd4 Bxd4 21. Qxd4
O-O 22. Rhf1 Qc7 23. h4 e5 24. Qc5 Bc6 25. Rd2 Ne6 26. Qe7 Bb7 27. Nxb5 Qb6 28.
Be2 Nf4 29. Rxd7 Bc6 30. Qxe5 Bxd7 31. Rxf4 Rb8 32. c4 Qe3 33. Bh5 Qd2+ 34. Kb1
Qxb4+ 35. Kc2 Qxc4+ 36. Nc3 Rbc8 37. Rf3 g6 38. Rd3 Ba4+ 39. Kd2 gxh5 40. Nd5
Qc1+ 41. Ke2 Rc2+ 42. Kf3 Qf1+ 43. Kg3 Rg2+ 0-1

[Event "POLFINALY MISTRZOSTW POLSKI JUNIOROW 2021 C-13"]
[Site "Jatrzebia Gora"]
[Date "1899-12-30"]
[Round "2.6"]
[White "Kowalski, Witold"]
[Black "Nowak, Maciej"]
[Result "1-0"]
[WhiteTitle "II+"]
[BlackTitle "II"]
[WhiteElo "1480"]
[BlackElo "1338"]

1. e4 e6 2. d4 d5 3. Nc3 dxe4 4. Nxe4 Nd7 5. Nf3 Ngf6 6. Nxf6+ Nxf6 7. c3 Be7 8.
Ne5 O-O 9. Be2 c5 10. O-O Nd7 11. Bf4 f6 12. Nxd7 Qxd7 13. Be3 b6 14. Qb3 Bb7
15. dxc5 Bxc5 16. Bxc5 bxc5 17. Rad1 Qe7 18. Bc4 Rae8 19. Rfe1 Bc8 20. Rd3 Kh8
21. Qd1 e5 22. Rde3 Be6 23. Qe2 Bxc4 24. Qxc4 Qc7 25. a3 Re7 26. Rd3 Rc8 27. Red1
h6 28. Rd5 Qc6 29. h3 Qc7 30. Re1 Rd7 31. Red1 Re7 32. Kh1 Qc6 33. b4 Rec7 34.
Rxc5 Qb6 35. Rdd5 Kh7 36. Qe4+ Kh8 37. Qe3 Kg8 38. Kh2 Kh8 39. Rxc7 Qxc7 40. Qc5
Qxc5 41. Rxc5 Rd8 42. f3 Rd7 43. a4 Kg8 44. Kg3 Kf7 45. a5 Ke7 46. c4 Rb7 47.
b5 Kd6 48. Rc6+ Kd7 49. Kf2 Rb8 50. Ke3 f5 51. g4 f4+ 52. Ke4 Re8 53. Ra6 Rc8
54. Rxa7+ Ke6 55. Ra6+ Ke7 56. Rc6 1-0

[Event "POLFINALY MISTRZOSTW POLSKI JUNIOROW 2021 C-13"]
[Site "Jatrzebia Gora"]
[Date "1899-12-30"]
[Round "2.7"]
[White "Nagly, Krzysztof"]
[Black "Blaszkiewicz, Jakub"]
[Result "0-1"]
[WhiteTitle "II"]
[BlackTitle "II"]
[WhiteElo "1328"]
[BlackElo "1462"]

1. d4 d5 2. c4 c6 3. e3 Nf6 4. Nf3 e6 5. Nbd2 Be7 6. Bd3 O-O 7. O-O Nbd7 8. e4
dxe4 9. Nxe4 Nxe4 10. Bxe4 Nf6 11. Bc2 Qc7 12. Be3 b6 13. Rc1 Rd8 14. Bb3 Bb7
15. Qe2 Ng4 16. h3 Nxe3 17. fxe3 c5 18. Rfd1 cxd4 19. exd4 Qf4 20. d5 Bc5+ 21.
Kh1 exd5 22. cxd5 Re8 23. Qb5 Bd6 24. Rc4 Qf6 25. Nd4 Re3 26. Nc6 Qf2 27. Rcc1
Rxh3+ 28. gxh3 Qh2# 0-1

[Event "POLFINALY MISTRZOSTW POLSKI JUNIOROW 2021 C-13"]
[Site "Jatrzebia Gora"]
[Date "1899-12-30"]
[Round "2.8"]
[White "Wilangowski, Olivier"]
[Black "Wilgosz, Szczepan"]
[Result "1-0"]
[WhiteTitle "II"]
[BlackTitle "II"]
[WhiteElo "1454"]
[BlackElo "1297"]

1. e4 c5 2. Nf3 Nc6 3. c3 Nf6 4. e5 Nd5 5. Bc4 Nb6 6. Bb3 d5 7. exd6 Qxd6 8. Na3
a6 9. O-O Bf5 10. d4 cxd4 11. Nxd4 Nxd4 12. cxd4 e6 13. Qf3 Qc6 14. Qg3 Bxa3 15.
bxa3 O-O 16. Bb2 Nd5 17. Rfe1 Rfd8 18. a4 Rac8 19. Rac1 Qb6 20. h4 Kh8 21. Ba1
f6 22. Qf3 Rxc1 23. Rxc1 h6 24. h5 Nb4 25. Qg3 Qd6 26. Qf3 Qb6 27. g4 Bd3 28.
a3 Nc2 29. Qxd3 Nxa1 30. Rxa1 Rxd4 31. Qf3 Qd6 32. Rc1 Rf4 33. Qg3 Qd4 34. Rc8+
Kh7 35. Bxe6 Qa1+ 36. Kg2 Qe5 37. Bg8+ Kh8 38. Bf7+ Kh7 39. Bg6# 1-0